| 000 | 00618nam a2200181Ia 4500 | ||
|---|---|---|---|
| 008 | 151202s9999||||xx |||||||||||||| ||und|| | ||
| 082 | _bPNVM-63986 | ||
| 100 | _aइंगळे व.न. | ||
| 245 | _aपांग फिटे उकिरडयांचे. | ||
| 260 | _bअनुबंा प्रकाशन पुणे. | ||
| 260 | _c63986 | ||
| 300 | _a246 | ||
| 600 | _aइंगळे व.न. | ||
| 630 | _aपांग फिटे उकिरडयांचे. | ||
| 700 | _aइंगळे व.न. | ||
| 730 | _aपांग फिटे उकिरडयांचे. | ||
| 942 | _cBOOK | ||
| 999 |
_c1330520 _d1330517 |
||